000 00286nam a2200133Ia 4500
003 OSt
005 20240404094605.0
020 _a978-81-7000-668-8
040 _cLCC
050 _aZ696.D7S28 2012
100 _aM. P. SATIJA
245 0 _aDEWEY DECIMAL CLASSIFICATION
942 _cBK
_2ddc
999 _c206800
_d206800